| 000 | 00593nam a22001937a 4500 | ||
|---|---|---|---|
| 005 | 20211004093646.0 | ||
| 008 | 190225b nyu||||| |||| 00| 0 eng d | ||
| 020 | _a0030056942 | ||
| 050 | 0 | 4 |
_aTK5102.9 _bC44 1989 |
| 100 | 1 | _aChen, Chi-Tsong | |
| 245 | 1 | 0 |
_aSystems and signal analysis _c/ Chi-Tsong Chen. |
| 250 | _a1a ed. | ||
| 260 |
_aNew York, NY. : _bSaunders College , _cc1989 |
||
| 300 |
_axvi, 543 p. : _bil. ; _c24 cm. |
||
| 504 | _aIncluye índice | ||
| 650 | 7 |
_2lemb _aAnálisis de sistemas |
|
| 650 | 7 |
_2lemb _aTeoría de las señales (Telecomunicaciones) |
|
| 942 |
_2lcc _cLIB |
||
| 999 |
_c157795 _d157793 |
||